Hikayat Malim Deman

Bibliographic Details
Format: Book

MARC

LEADER 00000cam a2200000 7i4500
001 0000008467
002 000009227
005 20000330.0
020 |a 0195833147 
090 0 0 |a 899.28   |b PAW 
245 0 0 |a Hikayat Malim Deman 
999 |a 0011029   |b BUKU   |c PINJAMAN   |e PERPUSTAKAAN KOMUNITI PETALING JAYA